| 000 | 01040cam a22003377a 4500 | ||
|---|---|---|---|
| 001 | 000032751 | ||
| 003 | CHAP | ||
| 005 | 20220329135140.0 | ||
| 008 | 971013s1927 r 00010 d | ||
| 010 | _a31698 | ||
| 011 | _a32670 | ||
| 035 | _a36785 | ||
| 040 | _cCHAP | ||
| 090 | _aFolleto 733 | ||
| 100 | 0 | 0 |
_aCroecheron, B. H. _929006 |
| 245 | 1 | 3 | _aLa junta agrícola del condado. |
| 246 | 0 | 3 | _aEl consejero agrícola del condado |
| 260 |
_a(San Jacinto : _bDirección General de Agricultura y Ganadería), _c1927. |
||
| 300 | _a10 p. | ||
| 500 | _aEncuadernado con: El consejero agrícola del condado | ||
| 590 |
_aBATCH-UPD _b10 _c20130110 _lUCH01 _h1916 |
||
| 590 |
_aBATCH-UPD _b10 _c20130410 _lUCH01 _h1242 |
||
| 590 |
_aBATCH-UPD _b10 _c20130914 _lUCH01 _h1338 |
||
| 590 |
_aCONVERSION _b10 _c20130109 _lUCH01 _h1318 |
||
| 590 |
_aE11695DGD _b10 _c20141121 _lUCH01 _h1143 |
||
| 650 | 1 | 4 |
_aExtensión agrícola. _939144 |
| 901 | _aBK | ||
| 942 | _cFOLL | ||
| 942 | _n0 | ||
| 949 |
_aFolleto 733 _bBC _cFOLL _d-84612 _eTS1 _i36785 _si |
||
| 999 |
_c31698 _d31698 |
||